000 00425cam a2200181 4500
001 D13718
008 090401t1944 xxu||||| |||| 00| 0 eng d
035 _a(Sirsi) u11285
041 _aeng
100 _aRichardson, W. Alfred
245 _aSurveying for schools and scouts
250 _a5th
260 _aLondon
_bGeorge Philip & Sons
_c1944
350 _a0
520 _aShelf 134
942 _n0
948 _c04/03/1997
999 _c86844
_d86844